Zgadnij logo piłkarskie (trudne!) (koniecznie przeczytać notke!) - Statystyki

Ogólne statystyki
  • Ten quiz został rozwiązany 36 razy
  • Średni wynik to 4 z 16
Statystyki odpowiedzi
Obrazkowy Odpowiedź % Poprawnych
Lech Poznań
97%
Chrobry Głogów
68%
Avia Świdnik
52%
Leyton Orient
45%
Steaua Bukareszt
39%
Apollon Limassol
13%
Dynamo Brześć
13%
Salford City
13%
Viktoria Koln
13%
Botosani
10%
Lokomotiv Plovdiv
10%
Egnatia
6%
Petrocub
6%
Stjarnan
6%
Sorrento
3%
Kirklarelispor
0%
Nie znaleziono quizów pasujących do podanych kryteriów
Rozkład punktacji
Procent ludzi z każdym wynikiem
Percentyl według liczby udzielonych odpowiedzi
Twoja historia wyników
Nie rozwiązałeś tego quizu